000 00495nam a2200169Ia 4500
999 _c36024
_d36024
003 OSt
005 20201211095733.0
008 190216s9999||||xx |||||||||||||| ||und||
040 _coclc
082 _a303.4840954
_bRAM/I
100 _aRamaiah, P
_97359
245 0 _aIssues In Tribal Development /
_cP Ramaiah
260 _bChugh Publications,
_c1988.
_aAllahabad:
300 _a104p
650 _aEconomics
942 _cREF
_2ddc
_h303.4840954
_iRAM/I
_k303.4840954
_mRAM/I